01026nam0a22002291 4500001001100000005001700011021001900028035002600047100004100073101000800114102000700122105001800129200029800147210006500445215002300510320005300533606009300586700005800679801001800737801002200755852001900777rc\328810620250609204321.0 aRUb[76-28826] a(NLR Aleph) 007495275 a20130115g19741975|||y0rusy50 ca0 arus aRU aa z |||||1 aТехническое нормированиеeУчеб. пособие для студентов эксплуатац. специальности ин-тов водного транспортаfЭ.А. ЗиньgНовосиб. ин-т инженеров водного транспорта aНовосибирскcБ. и.d1974 (вып. дан. 1975) a125 с.cил.d22 aСписок лит.: с. 121-123 (48 назв.) aВодный транспортxТехническое нормирование2psbo 1aЗиньbЭ.А.gЭдуард Анатольевич 0aRUbNLRgpsbo 1aRUbELAR2rusmarc aNLRj76-5/3287